000 00412nam a2200133Ia 4500
008 231129s1993||||xx |||||||||||||| ||spa||
040 _bspa
082 _a925 P291b
100 _aBirch Beverly
245 0 _aLouis Pasteur: El quí­mico francés que con sus experimentos provocó el más grande descubrimiento médico
260 _c1993
264 _aBogotá Colombia : Edila Abril Cinco
942 _2ddc
_cBKS
999 _c20141
_d20141